000 00980nam a2200193 a 4500
001 000662121
003 AM-YeHGA
005 20250617141628.0
008 090529s1986 ||| r 000 0 rus d
040 _aAM-YeHGA
041 0 _arus
245 0 0 _aДанные геофизических наблюдений Полярной геокосмофизической обсерватории Тикси :
_bИюль-декабрь 1978 года /
_cАН СССР, Сиб. отд-ние, Якут. фил., Ин-т космофиз. исслед. и аэрономии; Отв. ред. А.М. Новиков.
260 _aЯкутск :
_bЯФ СО АН СССР,
_c1986.
300 _a196 с.
653 0 _aГеофизические исследования - Якут. АССР
700 1 _aНовиков, А.М.
_eред.
_4edt
710 2 _aИнститут космофизических исследований и аэрономии СО АН СССР
090 _c243769
999 _c242189
_d242189